[Event "ch-UKR sf"]
[Site "Alushta UKR"]
[Date "2006.05.18"]
[Round "6"]
[White "Zhornik,N"]
[Black "Dovzik,J"]
[Result "1/2-1/2"]
[WhiteElo "2313"]
[BlackElo "2425"]

1.e4 c5 2.Nf3 e6 3.d4 cxd4 4.Nxd4 Nc6 5.Nc3 Nf6 6.Ndb5 Bb4 7.a3 Bxc3+ 8.Nxc3 d5
9.exd5 exd5 10.Bd3 O-O 11.O-O d4 12.Ne2 Bg4 13.f3 Bh5 14.Bg5 Qd6 15.Qd2 Rad8
16.Rad1 Bg6 17.Qf4 Bxd3 18.Qxd6 Rxd6 19.Rxd3 Re8 20.Kf2 Nd7 21.Bf4 Rf6 22.Bg3 Nc5
23.Rdd1 Ne4+ 24.Kg1 Nxg3 25.Nxg3 Rd6 26.Rd2 Rc8 27.Rfd1 Rdd8 28.Ne2 Kf8 29.Kf2  1/2-1/2

[Event "37th Olympiad w"]
[Site "Turin ITA"]
[Date "2006.05.21"]
[Round "1"]
[White "Zhu,H"]
[Black "Burijovich,L"]
[Result "0-1"]
[WhiteElo "2050"]
[BlackElo "2204"]

1.e4 c5 2.Nf3 e6 3.d4 cxd4 4.Nxd4 Nc6 5.Nc3 Qc7 6.g3 a6 7.Bg2 Nf6 8.O-O Nxd4
9.Qxd4 Bc5 10.Qd3 h6 11.Be3 d6 12.a4 Ng4 13.Bxc5 Qxc5 14.Rad1 Ke7 15.Rd2 Ne5
16.Qd4 Nc4 17.Qxc5 dxc5 18.Rdd1 Nxb2 19.Rb1 Nc4 20.Rfe1 Rb8 21.e5 b6 22.Ne4 Bd7
23.Nc3 Rhd8 24.Bf1 Nd2 25.Bxa6 Nxb1 26.Rxb1 Bc6 27.Bb5 Ba8 28.Nd1 Rd5 29.f4 Rd2
30.Ne3 Be4 31.h3 f6 32.Rc1 fxe5 33.fxe5 Rf8 34.Ba6 Rf3  0-1

[Event "1st Magistral Espirito Sancto"]
[Site "Vitoria BRA"]
[Date "2006.05.21"]
[Round "9"]
[White "Crosa,M"]
[Black "Diamant,A"]
[Result "0-1"]
[WhiteElo "2449"]
[BlackElo "2244"]

1.e4 c5 2.Nf3 Nc6 3.Nc3 e6 4.d4 cxd4 5.Nxd4 a6 6.g3 Nxd4 7.Qxd4 Ne7 8.Bg2 Nc6
9.Qd3 b5 10.O-O Bc5 11.e5 Nxe5 12.Qe2 Nc6 13.Rd1 Bb7 14.Ne4 Be7 15.Nd6+ Bxd6
16.Rxd6 Qe7 17.Qd1 Na5 18.Bf4 Bxg2 19.Kxg2 Nc4 20.b3 Nxd6 21.Bxd6 Qd8 22.Qg4 g6
23.Qf4 f6 24.Rd1 Kf7 25.Bc7 Qe7 26.Bd6 Qd8 27.Bc7 Qe7 28.Bd6 e5 29.Qe4 Qe6
30.Qb7 Rac8 31.Rd2 Rhe8  0-1

[Event "Muresul Cup"]
[Site "Arad ROM"]
[Date "2006.05.22"]
[Round "3"]
[White "Erdogdu,M"]
[Black "Landenbergue,C"]
[Result "1/2-1/2"]
[WhiteElo "2375"]
[BlackElo "2435"]

1.e4 c5 2.Nf3 e6 3.d4 cxd4 4.Nxd4 Nc6 5.Nc3 Qc7 6.Be3 Nf6 7.Qd2 Bb4 8.f3 Nxd4
9.Qxd4 Bxc3+ 10.Qxc3 Qxc3+ 11.bxc3 d5 12.e5 Nd7  1/2-1/2

[Event "37th Olympiad w"]
[Site "Turin ITA"]
[Date "2006.05.22"]
[Round "2"]
[White "Kosintseva,T"]
[Black "Zigangirova,S"]
[Result "1-0"]
[WhiteElo "2489"]
[BlackElo "2314"]

1.e4 c5 2.Nf3 e6 3.d4 cxd4 4.Nxd4 Nc6 5.Nc3 a6 6.Nxc6 bxc6 7.Bd3 d5 8.O-O Nf6
9.Re1 Be7 10.e5 Nd7 11.Na4 O-O 12.c4 Nb6 13.Nxb6 Qxb6 14.b3 Bb7 15.Qg4 Rfd8
16.Bh6 g6 17.Rad1 c5 18.Bg5 Bxg5 19.Qxg5 dxc4 20.Bxc4 Rd4 21.Rxd4 cxd4 22.h4 h5
23.Bd3 Rc8 24.Rd1 Bd5 25.Qf4 Qa5 26.Qd2 Qa3 27.Bb1 Qc5 28.Kh2 Qc6 29.f3 a5
30.Qxd4 Rb8 31.Qf4 Rb4 32.Qg5 a4 33.Rc1 Rxh4+ 34.Kg3  1-0

[Event "37th Olympiad w"]
[Site "Turin ITA"]
[Date "2006.05.23"]
[Round "3"]
[White "Al Rufei,EH"]
[Black "Richards,De"]
[Result "1-0"]
[WhiteElo "2118"]
[BlackElo "1922"]

1.e4 c5 2.Nf3 e6 3.d4 cxd4 4.Nxd4 Nc6 5.Nc3 Qc7 6.g3 a6 7.Bg2 Nf6 8.O-O Be7
9.Nb3 d6 10.a4 Rb8 11.Qe2 b6 12.Bf4 O-O 13.Rfd1 Ne5 14.Rd4 Bb7 15.Rad1 Rbc8
16.h3 Rfd8 17.Bc1 Nfd7 18.f4 Nc6 19.R4d2 Nc5 20.Nxc5 dxc5 21.Rxd8+ Rxd8 22.Be3 Nd4
23.Qf2 Rd7 24.Kh1 Qd8 25.Rd2 Nc6 26.e5 Rxd2 27.Qxd2 Qxd2 28.Bxd2 Na5 29.Ne4 Nc4
30.Bc1 f5 31.exf6 gxf6 32.Nxf6+ Bxf6 33.Bxb7 Nxb2 34.Bxa6 Nxa4 35.Bc4 Kf7
36.f5 Nc3 37.Bxe6+ Kg7 38.Kg2 Ne4 39.c4 Be5 40.g4 h6 41.h4 Nd6 42.Be3 Ne8
43.g5 hxg5 44.hxg5 Nd6 45.Kf3 b5 46.cxb5 Nxb5 47.Bxc5 Nd6 48.Kg4 Ne4 49.Be7 Nd6
50.Bd5 Ne8 51.Bc5 Nd6 52.Bxd6 Bxd6 53.f6+ Kg6 54.Be4+ Kf7 55.Kf5 Kg8 56.Bd5+ Kh8
57.Bc6 Bc5 58.g6 Bf8 59.Ke6 Kg8 60.Bd5 Kh8 61.Kf7 Bh6 62.g7+  1-0

[Event "37th Olympiad w"]
[Site "Turin ITA"]
[Date "2006.05.23"]
[Round "3"]
[White "Lahno,Kateri"]
[Black "Mongontuul,B"]
[Result "1-0"]
[WhiteElo "2468"]
[BlackElo "2378"]

1.e4 c5 2.Nf3 e6 3.d4 cxd4 4.Nxd4 Nc6 5.Nc3 a6 6.Be2 Qc7 7.O-O Nf6 8.Be3 Bb4
9.Na4 Be7 10.Nxc6 bxc6 11.Nb6 Rb8 12.Nxc8 Qxc8 13.Bd4 c5 14.Be5 Rb6 15.Qd3 O-O
16.b3 d6 17.Bb2 Nd7 18.Rad1 Bf6 19.Bc1 Ne5 20.Qg3 Qb8 21.f4 Nc6 22.c3 Rc8
23.f5 exf5 24.Rxf5 Be5 25.Qf3 Nd8 26.Bc4 g6 27.Bxf7+ Kg7 28.Rxe5 dxe5 29.Bc4 Rc7
30.Rf1 Nb7 31.Bg5 h6 32.Bf6+ Kh7 33.Bxe5 Nd6 34.Qf8 Qxf8 35.Rxf8 Rg7 36.Bd5 Nxe4
37.Bxg7  1-0

[Event "Muresul Cup"]
[Site "Arad ROM"]
[Date "2006.05.24"]
[Round "7"]
[White "Berescu,A"]
[Black "Landenbergue,C"]
[Result "1/2-1/2"]
[WhiteElo "2461"]
[BlackElo "2435"]

1.e4 c5 2.Nf3 e6 3.d4 cxd4 4.Nxd4 Nc6 5.Nc3 Qc7 6.g3 a6 7.Bg2 d6 8.O-O Bd7
9.Nxc6 Bxc6 10.a4 Nf6 11.Be3 Be7 12.a5 Nd7 13.Na4 O-O 14.Nb6 Rae8  1/2-1/2

[Event "I Magistral"]
[Site "Guarapari BRA"]
[Date "2006.05.24"]
[Round "3"]
[White "Rodriguez,And URU"]
[Black "Miranda,M"]
[Result "1-0"]
[WhiteElo "2502"]
[BlackElo "2302"]

1.e4 c5 2.Nc3 Nc6 3.Nge2 e6 4.d4 cxd4 5.Nxd4 Qc7 6.g3 a6 7.Bg2 Nf6 8.O-O Be7
9.Re1 d6 10.Nxc6 bxc6 11.e5 dxe5 12.Rxe5 Nd5 13.Qe1 Bb7 14.Re2 O-O 15.Ne4 c5
16.c4 Nb4 17.Be3 Rad8 18.Qf1 Rd7 19.a3 Nd3 20.f4 f5 21.Nf2 Bf6 22.Nxd3 Rxd3
23.Bxb7 Rxe3 24.Rxe3 Bd4 25.Qf3 Bxe3+ 26.Qxe3 Qxb7 27.Qxe6+ Kh8 28.Qe5 Rd8
29.Re1 h6 30.Qe7 Qxe7 31.Rxe7 Rd1+ 32.Kf2 Rc1 33.b3 Ra1 34.a4 Rb1 35.Re5 Rb2+
36.Ke1 Rxb3 37.Rxc5 Ra3 38.Ra5 Ra1+ 39.Kd2 Rh1 40.c5 Rxh2+ 41.Kd3 Rg2 42.c6 Rxg3+
43.Kd4 Rg1 44.c7 Rd1+ 45.Ke5  1-0

[Event "3rd All-China Games"]
[Site "Suzhou CHN"]
[Date "2006.05.24"]
[Round "7"]
[White "Gong Qianyun"]
[Black "Liang Jinrong"]
[Result "1-0"]
[WhiteElo "2355"]
[BlackElo "2467"]

1.e4 c5 2.Nf3 e6 3.d4 cxd4 4.Nxd4 Nc6 5.Nc3 Nge7 6.Ndb5 Ng6 7.Be3 a6 8.Nd6+ Bxd6
9.Qxd6 Qe7 10.Bc5 Qxd6 11.Bxd6 b5 12.O-O-O f6 13.f4 Bb7 14.Be2 Nge7 15.e5 f5
16.Bf3 Rc8 17.a4 bxa4 18.Nxa4 Nd8 19.Nc5 Bxf3 20.gxf3 Nd5 21.Nxa6 Nxf4 22.Nc7+ Kf7
23.Nb5 Nb7 24.Kb1 Rc6 25.Rd4 Nd5 26.c4 Nb6 27.Bc7 Ke7 28.Rhd1 Rc8 29.Bxb6 Rxb6
30.Rxd7+ Kf8 31.Nd6 Nxd6 32.exd6 Rxc4 33.Rd8+ Kf7 34.d7  1-0

[Event "3rd All-China Games"]
[Site "Suzhou CHN"]
[Date "2006.05.24"]
[Round "8"]
[White "Zhang Jilin"]
[Black "Liang Jinrong"]
[Result "1/2-1/2"]
[WhiteElo "2294"]
[BlackElo "2467"]

1.e4 c5 2.Nf3 Nc6 3.d4 cxd4 4.Nxd4 e6 5.Nc3 a6 6.g3 Qc7 7.Bg2 d6 8.O-O Be7
9.h3 Nf6 10.Be3 O-O 11.Qd2 Bd7 12.f4 Nxd4 13.Bxd4 Bc6 14.Rad1 b5 15.a3 Rfd8
16.Qe3 Qb7 17.Kh2 a5 18.b4 axb4 19.axb4 d5 20.e5 Nd7 21.Rb1 Re8 22.f5 Bf8
23.f6 gxf6 24.Rxf6 Nxf6 25.exf6 Kh8 26.Qg5 e5 27.Bc5 h6 28.Qh5 Kh7 29.Qf5+ Kh8
30.Qh5 Kh7 31.Qf5+ Kh8 32.Qh5  1/2-1/2

[Event "37th Olympiad w"]
[Site "Turin ITA"]
[Date "2006.05.24"]
[Round "4"]
[White "Andriasian,S"]
[Black "Vasquez Ramirez,R"]
[Result "1-0"]
[WhiteElo "2237"]
[BlackElo "2252"]

1.e4 c5 2.Nf3 e6 3.d4 cxd4 4.Nxd4 Nc6 5.Nc3 Qc7 6.a3 a6 7.Be3 Nf6 8.Be2 Be7
9.O-O O-O 10.f4 d6 11.Qe1 Nd7 12.Nb3 b5 13.Qg3 b4 14.axb4 Nxb4 15.Nd4 Nc5
16.e5 dxe5 17.fxe5 f5 18.Bh6 Bd8 19.Bf3 Rb8 20.Na2 Kh8 21.Be3 Nd5 22.Bxd5 exd5
23.Nc3 Ne4 24.Nxe4 dxe4 25.b3 g5 26.Bxg5 Bxg5 27.Qxg5 Qxe5 28.Rad1 Rb6 29.Qf4 Qc5
30.Kh1 Rg6 31.Qe3 Qe5 32.Ne2 Rc6 33.c4 Be6 34.Nf4 Bg8 35.Rd7 Qc5 36.Ng6+  1-0

[Event "37th Olympiad w"]
[Site "Turin ITA"]
[Date "2006.05.24"]
[Round "4"]
[White "Popova,N"]
[Black "Botsari,A"]
[Result "1/2-1/2"]
[WhiteElo "2223"]
[BlackElo "2341"]

1.e4 c5 2.Nf3 e6 3.d4 cxd4 4.Nxd4 Nc6 5.Nc3 a6 6.g3 Qc7 7.Bg2 Nf6 8.O-O Bc5
9.Be3 Ne5 10.h3 d6 11.g4 h6 12.Nce2 b5 13.Ng3 Bb7 14.a4 b4 15.Qe2 d5 16.Nxe6 fxe6
17.Bxc5 Qxc5 18.exd5 Ng6 19.Qxe6+ Kf8 20.Nh5 Bc8 21.Qe3 Qd6 22.Nxf6 gxf6
23.c4 bxc3 24.bxc3 Nf4 25.c4 Bd7 26.Rab1 Re8 27.Rb6 Qe5 28.Qxe5 fxe5 29.c5 Bxa4
30.c6 Rd8 31.c7 Rc8 32.d6 Nxg2 33.Kxg2 Ke8 34.Re1 Kd7 35.Rxe5 Bc6+ 36.Kg3 Kxd6
37.Re3 a5 38.Ra6 a4 39.Ra7 Kc5 40.Re5+ Kb6 41.Rea5 Bb5 42.f4 Rh7 43.g5 Rhxc7
44.Rxc7 hxg5 45.fxg5 Rxc7 46.Ra8 Rc3+ 47.Kf4 Rxh3 48.g6 Bc6 49.g7 Rf3+ 50.Ke5 Bxa8
51.g8=Q Re3+ 52.Kd4 Re4+ 53.Kc3 Bc6 54.Qb8+ Kc5 55.Qf8+ Kd5 56.Qd8+ Ke6 57.Qc8+ Kd6
58.Qd8+ Kc5 59.Qa5+ Kd6 60.Qd8+  1/2-1/2

[Event "3rd All-China Games"]
[Site "Suzhou CHN"]
[Date "2006.05.25"]
[Round "10"]
[White "Wu Xibin"]
[Black "Liang Jinrong"]
[Result "1/2-1/2"]
[WhiteElo "2394"]
[BlackElo "2467"]

1.e4 c5 2.Nf3 e6 3.d4 cxd4 4.Nxd4 Nc6 5.Nc3 a6 6.Be2 d6 7.O-O Nf6 8.Be3 Be7
9.f4 Bd7 10.Bf3 O-O 11.a4 Nxd4 12.Qxd4 Bc6 13.a5 Qc7 14.Qd2 Nd7 15.Rfd1 b5
16.axb6 Nxb6 17.b3 Rfc8 18.Qf2 Nd7 19.Ne2 Nf6 20.Ng3 d5 21.e5 Nd7 22.Ne2 Bb7
23.Ra2 g6 24.h4 Nc5 25.h5 a5 26.Nd4 a4 27.bxa4 Rxa4 28.Rb2 Ba6  1/2-1/2

[Event "I Magistral"]
[Site "Guarapari BRA"]
[Date "2006.05.26"]
[Round "5"]
[White "Crosa,M"]
[Black "Miranda,M"]
[Result "1/2-1/2"]
[WhiteElo "2449"]
[BlackElo "2302"]

1.e4 c5 2.Nf3 e6 3.d4 cxd4 4.Nxd4 Nc6 5.Nc3 Qc7 6.Be3 a6 7.Qd2 Nf6 8.f3 Be7
9.g4 d6 10.O-O-O Nxd4 11.Qxd4 e5 12.Qd2 Be6 13.g5 Nd7 14.Nd5 Bxd5 15.exd5 Rc8
16.Bh3 O-O 17.Bg4 Rcd8 18.h4 Nc5 19.Rh2 f5 20.gxf6 Bxf6 21.Rg1 e4 22.fxe4 Nxe4
23.Qe2 Bxb2+ 24.Kxb2 Qc3+ 25.Kb1 Qb4+ 26.Ka1 Qc3+  1/2-1/2

[Event "3rd All-China Games"]
[Site "Suzhou CHN"]
[Date "2006.05.26"]
[Round "11"]
[White "Gu Xiaobing"]
[Black "Wang Rui"]
[Result "0-1"]
[WhiteElo "2371"]
[BlackElo "2497"]

1.e4 c5 2.Nf3 e6 3.d4 cxd4 4.Nxd4 Nc6 5.Nc3 Qc7 6.g3 a6 7.Bg2 Nf6 8.O-O Be7
9.Re1 d6 10.Nxc6 bxc6 11.Na4 Bb7 12.Be3 c5 13.e5 dxe5 14.Bxb7 Qxb7 15.Bxc5 e4
16.Bxe7 Qxe7 17.Nc3 Qb4 18.Rb1 O-O 19.Qe2 Rfc8 20.a3 Qb7 21.Red1 h6 22.Qe3 Rc4
23.Rd4 Rac8 24.Rxc4 Rxc4 25.b3 Rc7 26.Rc1 Qc6 27.Na4 Rd7 28.Nc5 Ng4 29.Qc3 e3
30.fxe3 Qf3 31.Ne4 Nxe3 32.Nf6+ gxf6  0-1

[Event "I Magistral"]
[Site "Guarapari BRA"]
[Date "2006.05.27"]
[Round "6"]
[White "Hungaski,R"]
[Black "Miranda,M"]
[Result "1/2-1/2"]
[WhiteElo "2400"]
[BlackElo "2302"]

1.e4 c5 2.Nf3 e6 3.d4 cxd4 4.Nxd4 Nc6 5.Nc3 Qc7 6.g3 a6 7.Bg2 Nf6 8.O-O Be7
9.Re1 d6 10.Nxc6 bxc6 11.e5 dxe5 12.Rxe5 O-O 13.Bf4 Qb7 14.Na4 Nd5 15.Bd2 Rd8
16.Qf3 Bf6 17.Ree1 Qb5 18.b3 Bxa1 19.c4 Qb8 20.Rxa1 Nb4 21.Bc3 e5 22.Re1 f6
23.Qh5 g6 24.Qh4 Rf8 25.Re2 Bf5 26.f4 Nxa2 27.Rxa2 Qxb3 28.Ra1 Rad8 29.g4 Rd1+
30.Rxd1 Qxd1+ 31.Qe1 Qxg4 32.fxe5 Qxc4 33.exf6 Qxa4 34.Qe7 Qd1+ 35.Bf1 Qg4+
36.Bg2 Qd1+ 37.Kf2 Qc2+ 38.Kg1 Qd1+  1/2-1/2

[Event "Open"]
[Site "Chicago USA"]
[Date "2006.05.28"]
[Round "6"]
[White "Florean,A"]
[Black "Shabalov,A"]
[Result "1/2-1/2"]
[WhiteElo "2426"]
[BlackElo "2605"]

1.e4 c5 2.Nf3 Nc6 3.d4 cxd4 4.Nxd4 e6 5.Nc3 Qc7 6.Nxc6 dxc6 7.Bd3 Nf6 8.O-O e5
9.f4 Bd6 10.f5 b5 11.a4 b4 12.Nb1 h5 13.Qf3 b3 14.cxb3 Ng4 15.Kh1 Bc5 16.Bg5 Qd7
17.Nc3 f6 18.Bh4 Ne3 19.Rfe1 Qxd3 20.Bf2 Rb8 21.Bxe3  1/2-1/2

[Event "I Magistral"]
[Site "Guarapari BRA"]
[Date "2006.05.28"]
[Round "7"]
[White "Rodriguez,And URU"]
[Black "Rocha,J"]
[Result "1-0"]
[WhiteElo "2502"]
[BlackElo "2015"]

1.e4 c5 2.Nc3 e6 3.Nf3 Nc6 4.d4 cxd4 5.Nxd4 Nf6 6.g3 d5 7.Bg2 Bb4 8.O-O Bxc3
9.bxc3 O-O 10.exd5 Nxd5 11.Nxc6 bxc6 12.Ba3 Ba6 13.c4 Bxc4 14.Re1 Re8 15.Bb2 Ba6
16.c4 Ne7 17.Qg4 Ng6 18.Bxc6 Qc7 19.Bxa8 Rxa8 20.Rxe6 Bb7 21.Rd1 Rf8 22.Red6 Re8
23.Qd4 f6 24.Rd8 Rf8 25.Ba3 Qc6 26.Rxf8+ Nxf8 27.Qd5+ Qxd5 28.cxd5 Nd7 29.Re1 Ne5
30.Rd1 Kf7 31.f4 Nc4 32.d6  1-0

[Event "I Magistral"]
[Site "Guarapari BRA"]
[Date "2006.05.28"]
[Round "7"]
[White "Crosa,M"]
[Black "Stamenkovic,Dr"]
[Result "1/2-1/2"]
[WhiteElo "2449"]
[BlackElo "2334"]

1.e4 c5 2.Nf3 Nc6 3.Nc3 e6 4.d4 cxd4 5.Nxd4 Qc7 6.Be2 Nf6 7.O-O a6 8.Be3 d6
9.f4 Be7 10.Bf3 Bd7 11.Nb3 O-O 12.g4 Rfd8 13.g5 Ne8 14.Bg2 Na5 15.Qh5  1/2-1/2

[Event "37th Olympiad w"]
[Site "Turin ITA"]
[Date "2006.05.28"]
[Round "7"]
[White "Borosova,Z"]
[Black "Kovalevskaya,E"]
[Result "0-1"]
[WhiteElo "2210"]
[BlackElo "2460"]

1.e4 c5 2.Nf3 e6 3.d4 cxd4 4.Nxd4 Nc6 5.Nc3 d6 6.Bc4 Qb6 7.Nb3 Nf6 8.O-O a6
9.Kh1 Be7 10.f4 O-O 11.Qf3 Nb4 12.Bd3 e5 13.f5 Qd8 14.Bg5 b5 15.Bxf6 Bxf6
16.a3 Nc6 17.Nd5 Bb7 18.Rad1 Rc8 19.c3 Nb8 20.Nc1 Bxd5 21.exd5 Nd7 22.Na2 Re8
23.Rfe1 Nc5 24.Nb4 Bg5 25.Be4 Qf6 26.Nc6 Qh6 27.g3 Bd8 28.Kg2 Nd7 29.Rh1 Bb6
30.Rde1 Nf6 31.Re2 Qh5 32.Qxh5 Nxh5 33.Bf3 Nf6 34.Be4 g6 35.Rf1 Kg7 36.h3 Rc7
37.g4 g5 38.Kg3 h5 39.Rh1 Rh8 40.Rhh2 Rxc6 41.dxc6 d5 42.Bc2 e4 43.Kg2 Bc7
44.Rh1 Bf4 45.Rf2 Be5 46.Bb3 hxg4 47.hxg4 Rc8 48.Rh5 Nxh5 49.gxh5 e3 50.Rc2 Rxc6
51.Bxd5 Rd6 52.Bb3 f6 53.Kf3 Bf4 54.Re2 Kh6 55.Kg4 Rd3 56.Bc2 Rd5 57.Bb3 Re5
58.Bc2 Re7 59.Bb3 Rd7 60.Be6 Rd1 61.Bf7 Rf1 62.Bd5 Rg1+ 63.Bg2 Rd1 64.Bf3 Rg1+
65.Bg2 a5 66.Rc2 Rd1 67.Bc6 b4 68.axb4 axb4 69.cxb4 Rd4 70.Kf3 Kxh5 71.Be4 Rxb4
72.Re2 Kh6 73.Rc2 Kg7 74.Rg2 Kf8 75.Bd5 Ke7 76.b3 Rd4 77.Bc4 Kd6 78.Ra2 Rd2
79.Ra6+ Ke5 80.Ra5+ Kd4 81.Be2 Rb2 82.Rb5 Bd6 83.Bc4 Rf2+ 84.Kg4 Rf4+ 85.Kh5 Be5
86.Rd5+ Ke4 87.Rd1 Kxf5 88.Bd3+ Ke6 89.Kg6 Bd4 90.b4 Rf2 91.b5 Ke5 92.Bc4 Rc2
93.Bb3 Rb2 94.Bc4 Ke4 95.Bd3+ Kf3 96.Rf1+ Rf2 97.b6 Rxf1 98.b7 Be5 99.Bxf1 g4  0-1

[Event "37th Olympiad w"]
[Site "Turin ITA"]
[Date "2006.05.28"]
[Round "7"]
[White "Wang Yu A"]
[Black "Djingarova,E"]
[Result "1/2-1/2"]
[WhiteElo "2390"]
[BlackElo "2319"]

1.e4 c5 2.Nf3 e6 3.d4 cxd4 4.Nxd4 Nc6 5.Nc3 Qc7 6.f4 a6 7.Nxc6 Qxc6 8.Bd3 b5
9.Qe2 Bb7 10.Bd2 Bc5 11.O-O-O Ne7 12.Qh5 Rc8 13.Kb1 b4 14.Ne2 a5 15.Rhf1 Ba6
16.Bxa6 Qxa6 17.f5 exf5 18.exf5 a4 19.f6 gxf6 20.Ng3 b3 21.Bc3 bxc2+ 22.Kxc2 Qc4
23.Kb1 a3 24.Qe2 Qxe2 25.Nxe2 axb2 26.Bxb2 Rg8 27.g3 f5 28.Nf4 Rb8 29.Ka1 d6
30.Rde1 Kd7 31.Nh5 Rg6 32.Nf6+ Kd8 33.Bc3 Bb4 34.Bxb4 Rxb4 35.Rxe7 Rxf6 36.Rfe1 Re4  1/2-1/2

[Event "37th Olympiad w"]
[Site "Turin ITA"]
[Date "2006.05.29"]
[Round "8"]
[White "Hernandez,Yu"]
[Black "Vasquez Ramirez,R"]
[Result "0-1"]
[WhiteElo "2262"]
[BlackElo "2252"]

1.e4 c5 2.Nf3 e6 3.d4 cxd4 4.Nxd4 Nc6 5.Nc3 Qc7 6.Be2 a6 7.O-O Nf6 8.Kh1 Bb4
9.Bg5 Bxc3 10.Bxf6 gxf6 11.bxc3 Ke7 12.f4 d6 13.Qe1 Bd7 14.Qh4 Rag8 15.Bd3 h5
16.e5 dxe5 17.fxe5 Qxe5 18.Nf5+ Kf8 19.Rae1 Qxc3 20.Nd6 Rg4 21.Qf2 Qd4 22.Ne4 Qxf2
23.Rxf2 f5 24.Nc5 Bc8 25.h3 Rd4 26.Rb1 Ne5 27.Bf1 b5 28.a4 bxa4 29.c3 Rd8
30.Nxa4 Kg7 31.Nc5 Rd6 32.Ra2 Rhd8 33.Be2 Rc6 34.Na4 h4 35.Rb4 Ng6 36.Bf3 Rc7
37.Rb8 Rd6 38.Nb6 Ne7 39.c4 e5 40.Nxc8 Nxc8 41.Bb7 Rb6 42.Rxc8 Rbxb7 43.Re8 e4
44.Re5 Rxc4 45.Rxa6 Rb1+ 46.Kh2 Rcc1  0-1

[Event "37th Olympiad w"]
[Site "Turin ITA"]
[Date "2006.05.30"]
[Round "9"]
[White "Moncayo Romero,E"]
[Black "Botsari,A"]
[Result "0-1"]
[WhiteElo "2261"]
[BlackElo "2341"]

1.e4 c5 2.Nf3 e6 3.d4 cxd4 4.Nxd4 Nc6 5.Nc3 a6 6.Be3 Nf6 7.Bd3 Qc7 8.O-O h5
9.Nxc6 Ng4 10.e5 bxc6 11.Bf4 Nxe5 12.Re1 Bd6 13.Be2 Rb8 14.Bxh5 g6 15.Ne4 Nf3+
16.Bxf3 Bxf4 17.h3 Bh2+ 18.Kh1 Be5 19.Rb1 c5 20.c3 Bb7 21.Qe2 Bg7 22.Rbd1 d5
23.Ng5 Qe7 24.Bxd5 Qxg5 25.Bxb7 Rxb7 26.Qxa6 Rc7 27.Qb6 Be5 28.Re4 Qf5 29.Re3 O-O
30.Rde1 Bf4 31.Rf3 Rd7 32.Qc6 Rfd8 33.g4 Qg5 34.Kg2 Bb8 35.a4 Rc7 36.Qb6 Qd5
37.b4 cxb4 38.cxb4 Rb7 39.Qc5 Qxc5 40.bxc5 Rc8 41.Rc1 Rbc7 42.Rfc3 Rc6 43.f3 Ba7
44.R1c2 Rxc5 45.Rxc5 Rxc5 46.Ra2 Bb6 47.h4 Kg7 48.Kh3 Ba5 49.Kg2 Rd5 50.Kh3 Rd3
51.Kg3 Kf6 52.Kf4 e5+ 53.Ke4 Rd4+ 54.Ke3 Ke6 55.Ke2 f5 56.gxf5+ Kxf5 57.Ke3 Rxh4  0-1

[Event "37th Olympiad w"]
[Site "Turin ITA"]
[Date "2006.05.31"]
[Round "10"]
[White "Kosintseva,N"]
[Black "Velcheva,M"]
[Result "1-0"]
[WhiteElo "2469"]
[BlackElo "2279"]

1.e4 c5 2.Nf3 e6 3.d4 cxd4 4.Nxd4 Nc6 5.Nc3 Qc7 6.Be3 a6 7.Qd2 Nf6 8.O-O-O Bb4
9.f3 Ne5 10.Nb3 b5 11.Kb1 Nc4 12.Bxc4 bxc4 13.Nd4 Rb8 14.g4 d6 15.Ncb5 Bxd2
16.Nxc7+ Kd7 17.Bxd2 Kxc7 18.Ba5+ Kb7 19.Ne2 Kc6 20.Rd4 d5 21.g5 Ne8 22.Nc3 Nd6
23.exd5+ exd5 24.Rxd5 Be6 25.Re5 g6 26.a4 h6 27.Ne2 Nf5 28.Nf4 Bd7 29.gxh6 Rxh6
30.Re4 Nd6 31.Rd4 g5 32.Ne2 Be6 33.Bc3 Rh3 34.Ng3 Nb7 35.Ne4 Rg8 36.Rg1 Rxh2
37.Rxg5 Rxg5 38.Nxg5 Bd5 39.Rf4 Nd6 40.Rf6 Kc5 41.Be5 Rh1+ 42.Ka2 c3+ 43.b3 Nc4
44.Bxc3 Ne3 45.Ne4+ Bxe4 46.fxe4 Rh2 47.b4+  1-0

[Event "21st Schachtage"]
[Site "Hassloch GER"]
[Date "2006.06.03"]
[Round "3"]
[White "Strohhaeker,Rao"]
[Black "Milov,L"]
[Result "0-1"]
[WhiteElo "2289"]
[BlackElo "2504"]

1.e4 c5 2.Nf3 e6 3.d4 cxd4 4.Nxd4 Nc6 5.Nc3 Qc7 6.g3 a6 7.Bg2 d6 8.O-O Bd7
9.Re1 Be7 10.Nxc6 Bxc6 11.Qg4 h5 12.Qe2 h4 13.a4 hxg3 14.hxg3 Qa5 15.Bf3 Nf6
16.Bd2 Qd8 17.a5 Qd7 18.Rad1 e5 19.Nd5 Bxd5 20.exd5 Qh3 21.Bg2 Qh2+ 22.Kf1 Nd7
23.b4 f5 24.c4 e4 25.Bc3 O-O 26.Bd4 Bf6 27.Qe3 Bxd4 28.Rxd4 Rae8 29.Qg5 Ne5
30.Qh4 Qxh4 31.gxh4 Rc8 32.Rc1 Rc7 33.c5 Kf7 34.Ke2 Rh8 35.f3 Rxh4 36.fxe4 f4
37.Kf2 g5 38.Rh1 Rxh1 39.Bxh1 g4  0-1

[Event "37th Olympiad w"]
[Site "Turin ITA"]
[Date "2006.06.03"]
[Round "12"]
[White "Muhren,B"]
[Black "Gara,A"]
[Result "0-1"]
[WhiteElo "2253"]
[BlackElo "2367"]

1.e4 c5 2.Nf3 e6 3.d4 cxd4 4.Nxd4 Nc6 5.Nc3 a6 6.Nxc6 bxc6 7.Bd3 d5 8.O-O Nf6
9.Re1 Be7 10.e5 Nd7 11.Qg4 g6 12.Na4 Qa5 13.Bh6 Rb8 14.b3 c5 15.c4 d4 16.Qh3 Rg8
17.f4 Bb7 18.Re2 Bc6 19.f5 gxf5 20.Bd2 Qc7 21.Qxh7 Rg6 22.Rf1 Nf8 23.Qh5 Rg7
24.Ref2 Rh7 25.Qe2 Ng6 26.Re1 Kd7 27.h3 Bxa4 28.bxa4 Bh4 29.Rff1 Bxe1 30.Rxe1 Rb2
31.Qd1 Qc6 32.Qc1 Nh4 33.Be4 fxe4 34.Qxb2 Rg7 35.Re2 e3 36.Be1 d3 37.Bxh4 dxe2
38.Qxe2 Qe4 39.Bf6 Rg8 40.h4 Rb8 41.h5 Rb1+ 42.Kh2 Qf4+ 43.g3 Qf2+  0-1

[Event "37th Olympiad w"]
[Site "Turin ITA"]
[Date "2006.06.04"]
[Round "13"]
[White "Milligan,H"]
[Black "Richards,De"]
[Result "1/2-1/2"]
[WhiteElo "2053"]
[BlackElo "1922"]

1.e4 c5 2.Nf3 e6 3.d4 cxd4 4.Nxd4 Nc6 5.Nc3 Qc7 6.Be3 a6 7.Bd3 Nf6 8.O-O b5
9.Nxc6 dxc6 10.f4 Be7 11.e5 Nd5 12.Nxd5 cxd5 13.c3 Bc5 14.Qf3 O-O 15.Rae1 Bxe3+
16.Qxe3 f5 17.exf6 Rxf6 18.Kh1 Bd7 19.Qd4 Raf8 20.Re5 Bc8 21.g3 h6 22.Rfe1 R8f7
23.Kg1 Qa7 24.Qxa7  1/2-1/2

[Event "IHEM"]
[Site "Hamburg GER"]
[Date "2006.06.05"]
[Round "3"]
[White "Chevelevitch,E"]
[Black "Rogozenko,D"]
[Result "1/2-1/2"]
[WhiteElo "2423"]
[BlackElo "2532"]

1.e4 c5 2.Nf3 e6 3.Nc3 Nc6 4.d4 cxd4 5.Nxd4 Nf6 6.Ndb5 d6 7.Bf4 e5 8.Bg5 a6
9.Na3 b5 10.Nd5 Be7 11.Bxf6 Bxf6 12.c3 O-O 13.Nc2 Rb8 14.Bd3 Be6 15.Nce3 Bg5
16.O-O a5 17.a3 Bxe3 18.Nxe3 b4 19.axb4 axb4 20.Bc4 bxc3 21.bxc3 Qc7 22.Qd3 Na5
23.Bd5 Nb3 24.Rab1 Nc5 25.Qc2 Rbc8 26.Rfd1 Rfd8 27.h3 h6 28.Rb4 Qe7  1/2-1/2

[Event "21st Schachtage"]
[Site "Hassloch GER"]
[Date "2006.06.05"]
[Round "6"]
[White "Milov,L"]
[Black "Mutschnik,I"]
[Result "1-0"]
[WhiteElo "2504"]
[BlackElo "2426"]

1.e4 c5 2.Nf3 e6 3.Nc3 Nc6 4.d4 cxd4 5.Nxd4 Qc7 6.f4 Nxd4 7.Qxd4 a6 8.Be3 b5
9.O-O-O Bb7 10.Bd3 Rc8 11.Kb1 Nf6 12.Rhe1 Be7 13.e5 Nd5 14.Nxd5 Bxd5 15.f5 Qa5
16.a3 b4 17.Bd2 Rb8 18.f6 Bc5 19.fxg7 Rg8 20.Qg4 h5 21.Qxh5 Rxg7 22.g3 Qa4
23.Qh4 Be7 24.Qh8+ Bf8 25.Qh4 Bf3 26.b3 Qxa3 27.Bc1 Qa5 28.Be2 Bc6 29.Bd3 Bf3
30.Qh8 Bxd1 31.Bh6 Bf3 32.Bxg7 Qc5 33.Rf1 Bg2 34.Rf2 Bc6 35.Rf6 Kd8 36.Bxf8  1-0

[Event "21st Schachtage"]
[Site "Hassloch GER"]
[Date "2006.06.06"]
[Round "7"]
[White "Scherer,F"]
[Black "Milov,L"]
[Result "0-1"]
[WhiteElo "2157"]
[BlackElo "2504"]

1.e4 c5 2.Nf3 e6 3.d4 cxd4 4.Nxd4 Nc6 5.Nc3 a6 6.Be3 Nf6 7.f4 Bb4 8.Bd3 Qc7
9.Qd2 Na5 10.O-O Bxc3 11.Qxc3 Qxc3 12.bxc3 d5 13.Nb3 Nxb3 14.cxb3 dxe4 15.Bc2 b5
16.Bd4 Bb7 17.Rfe1 Rc8 18.Rac1 Ke7 19.Bxf6+ Kxf6 20.Bxe4 Bxe4 21.Rxe4 Rhd8
22.a4 Rd2 23.axb5 axb5 24.Rb4 Rc5 25.c4 bxc4 26.Rbxc4 Rb5 27.Rb1 Ra5 28.Ra4 Rc5
29.Rc4 Rxc4 30.bxc4 Rd4 31.g3 Rxc4 32.Rb2 h6 33.Rf2 Kf5 34.Kg2 f6 35.h3 h5
36.Kf3 Rc3+ 37.Kg2 Rd3 38.Kh2 Re3 39.Kg2 Ke4 40.Ra2 Kf5 41.Rf2 g6 42.Kh2 g5
43.fxg5+ Kxg5 44.Kg2 e5 45.Ra2 h4 46.gxh4+ Kxh4 47.Ra4+ e4 48.Kf2 Rf3+ 49.Kg2 f5
50.Ra5 Kg5 51.Ra8 Kf4 52.h4 Rg3+ 53.Kh2 Rg4 54.Kh3 e3 55.Re8 Kf3 56.h5 e2
57.Re5 Re4  0-1

[Event "28th Nezhmetdinov mem"]
[Site "Kazan RUS"]
[Date "2006.06.06"]
[Round "6"]
[White "Alavkin,A"]
[Black "Reshetnikov,A"]
[Result "1/2-1/2"]
[WhiteElo "2485"]
[BlackElo "2377"]

1.e4 c5 2.Nf3 e6 3.d4 cxd4 4.Nxd4 Nc6 5.Nc3 Qc7 6.a3 a6 7.g3 Nf6 8.Bg2 Bc5
9.Be3 d6 10.O-O Ne5 11.b4 Bb6 12.Nce2 Nc4 13.Bg5 Nd7 14.Nf4 Nde5 15.Nh5 O-O
16.c3 Bd7 17.Nf6+ gxf6 18.Bxf6 Qc8 19.f4 Ng6 20.f5 Bd8 21.fxg6 hxg6 22.Qc1 Bxf6
23.Rxf6 Ne5 24.Qd2 Kg7 25.Raf1 Qc7 26.Qf2 Rac8 27.Bh3 Qd8 28.a4  1/2-1/2

[Event "ch-StP"]
[Site "St Petersburg RUS"]
[Date "2006.06.06"]
[Round "4"]
[White "Popov,Val"]
[Black "Loginov,Va"]
[Result "1-0"]
[WhiteElo "2587"]
[BlackElo "2510"]

1.e4 c5 2.Nf3 e6 3.d4 cxd4 4.Nxd4 Nc6 5.Nc3 a6 6.Nxc6 bxc6 7.Qd3 d5 8.Bf4 Nf6
9.O-O-O Qb6 10.f3 Be7 11.Na4 Qa5 12.Qb3 Nd7 13.Bd2 Qc7 14.Qc3 Bf6 15.Qa5 Qa7
16.Bf4 O-O 17.Qc7 Bg5 18.Kb1 Bxf4 19.Qxf4 Nc5 20.Nxc5 Qxc5 21.Rd3 a5 22.Rc3 Qd4
23.Qe3 Qd1+ 24.Qc1 Qd4 25.Qe3 Qd1+ 26.Qc1 Qd4 27.Bd3 Bd7 28.Qg1 Qb4 29.a3 Qd6
30.Qc5 Qe5 31.g3 Rfb8 32.f4 Qf6 33.b3 e5 34.fxe5 Qxe5 35.exd5 cxd5 36.Qc7 Qd4
37.Rd1 Qg4 38.Rf1 Be6 39.Qf4 Qh5 40.h4 h6 41.Rc7 Rf8 42.Kc1 Rfd8 43.Re1 Qg4
44.Rxf7 Qxf4+ 45.Rxf4 Rd6 46.Kd2 Rc6 47.Re5 Ra7 48.Ke3 Bf7 49.Ra4 Rcc7 50.Kd4 Kf8
51.b4  1-0